000 00851nam a2200265Ia 4500
003 OSt
005 20220927110849.0
006 a|||||r|||| 00| 0
007 ta
008 220926b |||||||| |||| 00| 0 eng d
024 _a94138
037 _cReports
040 _aRTL
_cRTL
_beng
041 _2eng
_aeng
082 _a"X9(F55).3.N7t, L8/GD"
110 _a"Great Britain, Energy (Deptt of-) Energy Conservation, (Advisory council on-)"
_9380729
245 0 _aReprot ot the secretary of state for energy
260 _aLondon
_bH M S O U K
_c1978
300 _a28p.
_ccm.
500 _a"Its Energy paper, 31"
650 _aFuel
700 _a"Great Britain, Energy (Deptt of-) Energy Conservation, (Advisory council on-)"
_9380730
942 _h"X9(F55).3.N7t, L8/GD"
_cCC
999 _c698225
_d698225